| 000 | 00570nam a22001337a 4500 | ||
|---|---|---|---|
| 040 | _cRUA | ||
| 082 | _aAGI KHO 2024 B1.342 Or.1 | ||
| 100 | _aKHORN RAVY , ខន រ៉ាវី | ||
| 245 | _aThe study medicinal plants in processing of whisky, ការសិក្សាលើរុក្ខជាតិឳសថក្នុងការកែច្នៃស្រាវីស្គី | ||
| 260 |
_aPHNOM PENH _bRUA _c2024 |
||
| 300 |
_aix, _bill, _c29cm, |
||
| 856 | _uhttps://drive.google.com/file/d/1vl8Xy91ddGgCi3Jo4c-wM_aYaYQvALww/view?usp=sharing | ||
| 942 | _cAGI | ||
| 999 |
_c24595 _d24595 |
||